[Event "EU-ch 12th"]
[Site "Aix les Bains"]
[Date "2011.03.26"]
[Round "5"]
[White "Levin, Evgeny A"]
[Black "Lenic, Luka"]
[Result "1/2-1/2"]
[WhiteElo "2472"]
[BlackElo "2623"]
[Annotator "Marchand,A/Primel,D"]
[PlyCount "53"]
[EventDate "2011.03.22"]
[EventType "swiss"]
[EventRounds "11"]
[EventCountry "FRA"]
[SourceTitle "CBM 142 Extra"]
[Source "ChessBase"]
[SourceDate "2011.06.27"]
[SourceVersion "1"]
[SourceVersionDate "2011.06.27"]
[SourceQuality "1"]
[TimeControl "40/5400+30:1800+30"]

1. d4 Nf6 2. c4 e6 3. Nc3 Bb4 4. e3 c5 (4... Ne4 $5 5. Qc2 Nxc3 6. bxc3 Ba5 7.
Ba3 (7. Bd3 d6 8. Nf3 Nd7 9. O-O h6 10. Nd2 c5 11. f4 O-O 12. Nb3 (12. f5)
12... Bc7) 7... d6 8. Nf3 (8. e4 c5 9. dxc5 dxc5 10. Bxc5 Qc7 11. Ba3 Nd7 12.
Nf3 Nc5 $44) 8... Nd7 9. Rd1 Qe7 10. Bd3 c5 11. O-O Bc7 12. Nd2 h6 13. f4 O-O
14. Rf3 b6 15. Rdf1 Bb7 $11 {Aleksandrov,A (2653)-Popov,V (2592) Moscow
Aeroflot op-A 2006 (3) 0-1}) (4... d5 5. cxd5 exd5 6. Bd3 O-O 7. Nge2 Re8 8.
Bd2 Bf8 9. O-O a5 10. Rc1 Na6 11. f3 Nb4 12. Bb1 c5 13. g4 {Rakhmanov,A (2570)
-Zakhartsov,V (2586) Voronezh op-A 14th 2010 (4) 1/2}) (4... Nc6 5. Bd3 (5. Nf3
) 5... e5 6. Nge2 d5 (6... exd4) 7. cxd5 Nxd5 8. O-O exd4 9. Nxd4) (4... O-O 5.
Bd3 c5 6. Nf3 Nc6 7. O-O Bxc3 (7... d5) 8. bxc3 d6 9. e4 e5 10. d5 Ne7 11. Nh4
h6 (11... Kh8 12. g3 {[%cal Gf2f4];Gelfand,B (2738)-Grischuk,A (2763) Wch
Rapid Astana 2012 (10) 1/2})) 5. Bd3 Nc6 6. Nf3 O-O (6... Bxc3+ 7. bxc3 d6 8.
e4 e5 9. d5 Ne7 10. Nd2 (10. O-O Ng6 $1 {Anticipant Nh4 des Blancs} 11. Ne1 O-O
12. g3 Bh3 13. Ng2 Ne8 14. Re1 (14. Rb1 b6 (14... Qd7 $11) 15. Rb2 f5 (15...
Qd7)) 14... f5 $132 {Gligoric,S (2560)-Timman,J (2625) Bled/Portoroz 1979 0-1})
(10. Rb1 $5 Qc7 {[%cal Gc7b7]} (10... h6 11. h4 Qc7 (11... O-O 12. Nh2 $6 {
Gligoric} Nh7 13. g4 Ng6 14. g5 Nxh4 $1 15. gxh6 g6 $15 {Gligoric,S (2510)
-Adorjan,A (2530) Sarajevo 1983 0-1})) (10... O-O 11. O-O h6 (11... Ng6 12. Bg5
h6 13. Bd2 Nh5 {[%csl Gf4]} 14. g3 b6 15. Ne1))) 10... Ng6 11. h4 h5 12. g3 Qa5
13. Qc2 Bd7 14. a4 O-O-O 15. Nf1 Rde8 16. Ra3 Ne7) 7. O-O Bxc3 8. bxc3 d6 9. e4
e5 10. d5 (10. h3 $5 h6 11. Be3 b6 12. d5 Ne7 13. Kh2 Nh7 14. Nd2 f5 (14... g5
15. Rg1 Ng6 {[%csl Gf4]} 16. g3 Qd7 17. Bf1 f5 18. exf5 Qxf5 19. Qb1 $14 {
Ibragimov}) 15. exf5 {Ibragimov,I (2515)-Browne,W (2530) Philadelphia opI 1992
(8) 1-0}) 10... Ne7 11. Nh4 (11. Nd2) 11... h6 {[%cal Ge7g6] La ligne
principale de cette variante Huebner continuant de jouer sur cases Noires} (
11... Ng6 $143 $6 12. Nf5 $14) 12. f3 (12. g3 Bh3 (12... g5 13. Ng2) 13. Ng2
Ng6) (12. f4 Ng6 $1 13. Nxg6 fxg6 14. fxe5 (14. f5 b5 $1 (14... gxf5 15. exf5)
(14... g5 $143 15. g4 {[%cal Gh2h4]} Bd7 16. h4 $14) 15. cxb5 c4 16. Bc2 gxf5
17. exf5 Qb6+ 18. Kh1 Qxb5 $132) 14... dxe5 15. Be3 b6 16. Qf3 Qd6 (16... Ba6)
(16... Qe7 17. a4 a5 18. Rab1 Nd7) 17. Qg3 g5 18. h4 g4 19. h5 Bd7) ({RR} 12.
Qf3 Ng6 13. Nf5 Re8 ({RR} 13... Bxf5 14. exf5 e4 15. Bxe4 Ne5 16. Qe2 Qa5 17.
Bd2 Rfe8 18. Bc2 Qa6 19. Bb3 Nxd5 20. Bxh6 gxh6 21. f4 Nxc4 22. Qh5 Kg7 23. Rf3
Rh8 24. Re1 Kf8 25. Rg3 Re8 26. Rg8+ Rxg8 27. Qxh6+ Rg7 28. Qh8+ {Potkin,V 
(2653)-Zhigalko,S (2680)/Olginka 2011/Mega2011 Update 18/1/2-1/2 (31)}) 14. Bd2
Bxf5 15. Qxf5 Nf4 16. Bxf4 g6 17. Qh3 exf4 18. Qxh6 Nxe4 19. Qxf4) 12... Rb8
$146 ({RR} 12... Nh5 13. g3 Bh3 14. Rf2 Qd7 15. Qc2 g5 16. Nf5 Nxf5 17. exf5
Kg7 18. Be3 Kf6 19. Kh1 Rh8 20. Rg1 Rag8 21. g4 Nf4 22. Rg3 h5 23. Bxf4 exf4
24. Rxh3 h4 25. Re2 Re8 26. Re4 Re5 27. Qd1 {Grigorian,K-Muratov,V/Aktjubinsk
1970/EXT 2001/1-0 (61)}) 13. a4 b6 14. Ra2 (14. a5 $5) 14... a6 15. g3 Ne8 16.
Qc2 Bh3 17. Rf2 Bd7 18. Bd2 Nc7 {[%cal Gb6b5] Un plan original mais un peu
douteux} 19. Rf1 b5 20. axb5 axb5 21. cxb5 Nxb5 22. Bxb5 Bxb5 23. c4 $14 Bd7
24. Ba5 Qc8 25. g4 {[%csl Rd7]} Qb7 (25... Ng6 $5) 26. Rfa1 Rfc8 27. Bd2
1/2-1/2

[Event "EU-ch 3rd"]
[Site "Batumi"]
[Date "2002.06.15"]
[Round "4"]
[White "Milov, Vadim"]
[Black "Chiburdanidze, Maia"]
[Result "1-0"]
[WhiteElo "2606"]
[BlackElo "2516"]
[Annotator "Milov,V"]
[PlyCount "73"]
[EventDate "2002.06.12"]
[EventType "swiss"]
[EventRounds "13"]
[EventCountry "GEO"]
[SourceTitle "CBM 090"]
[Source "ChessBase"]
[SourceDate "2002.09.20"]
[SourceVersion "1"]
[SourceVersionDate "2002.09.20"]
[SourceQuality "1"]

1. d4 Nf6 2. c4 e6 3. Nc3 Bb4 4. e3 c5 5. Bd3 {My opponent is well-experienced
in the line 5.Ne2 not only as Black but also playing White herself, so in this
game I prefered the other line.} cxd4 6. exd4 d5 7. cxd5 Nxd5 8. Nge2 Nc6 (8...
O-O {is another option for Black, retaining a possibility to transfer the
knight from b8 to d7 and then to f6.}) 9. a3 {I usually play this move instead
of more common 9.0-0. After 9.a3 the game is most often transposed into 9.0-0
anyway, e.g. 9...Bd6 10.Ne4 Be7 11.0-0 0-0 12.Bc2, and now either 12...Qc7 13.
Qd3 Rd8 or 12...b6 13.Qd3 g6, with an unclear position in both cases, see, for
example, the games Kamsky-Short,1994, Kamsky-Karpov,1996 or the games of
myself against Karpov and Gelfand in Biel 1997. So, why do I prefer 9.a3?
Because sometimes White saves a tempo and instead of castling may create a
battery Q+B along the diagonal b1-h7, after for example, 9...Bd6 10.Bc2!? or 9.
..Be7 10.Bc2 0-0 11.Qd3.} (9. O-O) 9... Nxc3 {A playable but not the best
choice, in my opinion.} (9... Bd6 {is more solid}) 10. bxc3 Be7 11. Be4 {
White keeps his bishop on the big diagonal and is going to transfer his queen
to d3 from where it increases the pressure against the black queenside and
will be able to penetrate along the 3rd rank as well.} ({A simple} 11. O-O $5
O-O 12. Be3 {followed by c3-c4 deserves attention as well.}) (11. Bc2 {played
with the same idea as 11.Be4 woud have been worse because of} e5 12. d5 Na5 13.
Qd3 f5 14. O-O O-O {unclear}) 11... Bd7 {Black`s plan is simple: to put the
rook on c8, the knight on a5 followed by play on the light squares. White has
to be active in order no to run into an inferior position. His play is on the
kingside combined with the idea of the possible advance d4-d5.} 12. Qd3 $146 {
A new move. White prevents Black from castling.} ({I had this position once
already - in my game against Anand in Biel 1997. There I played} 12. O-O Rc8
13. Nf4 Na5 $6 ({after} 13... O-O {Black doesn`t have any problems.}) {and now}
14. d5 $1 ({instead of} 14. Re1 $6 O-O 15. d5 e5 $1 16. d6 Bxd6 17. Qxd6 exf4
18. Bxf4 $11 {1/2-1/2 Milov,V-Anand,V/Biel 1997}) 14... exd5 (14... e5 15. d6
$16) 15. Nxd5 O-O (15... Be6 16. Qa4+ Nc6 17. Rd1 $16) (15... Bc6 16. Qg4 Bxd5
17. Bxd5 O-O 18. Rd1 $16) 16. Re1 Re8 17. Bf4 {would lead to a position, where
Black has to work hard to solve his opening problems.}) 12... h6 ({after} 12...
Rc8 {White can win a pawn by taking on h7:} 13. Bxh7 Qc7 (13... g6 $2 14. Bxg6)
(13... Bd6 14. Ng3) 14. Bf4 e5 15. dxe5 Nxe5 16. Qg3 $16) 13. Qg3 {And again
Black cann`t castle, now because the h6-pawn is hanging. So the fact that
White didn`t castle early thus saving a tempo for a queen-manoeuvre was really
useful in this game!} Bg5 ({Black could play} 13... Bf6 {now but wants to
"invite" the white pawn to come to h4 first. The presence of the pawn on h4
rather serves White as the g5-square is now under control, and, further on,
the pawn might go to h5. Besides that, White will be able to castle anyway as
Black cannot take on h4 because the g7-pawn will be hanging.}) 14. h4 Bf6 (
14... Bxc1 $4 15. Qxg7) 15. Bf4 Rc8 16. Rd1 $2 {A useless and a bad move, as
the advance d4-d5 won`t work anyway.} ({The rook belongs to the "b" file, of
course, and that`s how White was supposed to play:} 16. Rb1 b6 (16... Na5 17.
Bxb7 Nxb7 18. Rxb7 Qa5 19. Be5 {with a strong initiative}) 17. O-O Na5 ({or} 
17... Ne7 18. Be5) 18. Rfe1 (18. Be5 {here is too hasty as after} Bxe5 19. dxe5
O-O 20. Nf4 {Black can play} f5 21. exf6 Qxf6 22. Nh5 Qf7 23. Bg6 Qe7 24. Rfe1
Rc5 $13) 18... Bc6 19. Bd3 Bd5 20. Be5 O-O 21. Nf4 {with an initiative on the
kingside.}) (16. O-O {followed by either Rb1 or d4-d5, deserves attention as
well.}) 16... Na5 17. O-O ({and only now I noticed that} 17. d5 $2 {doesn`t
work because of} Ba4) 17... Ba4 {driving the rook away from the "d" file} ({
after} 17... Bc6 {I was going to play} 18. Bd3 Bd5 19. Be5 {with the idea} Nc4
20. Bxf6 Qxf6 21. Nf4 {and Black faces serious difficulties}) 18. Rb1 Bc6 19.
Bd3 {of course, White has to avoid the bishop exchange if he wants to hope for
any initiative.} Bd5 20. Bb5+ $5 {A somewhat confusing check. I realized that
making "normal" moves wasn`t going to bring much here and decided to try this.
What shall Black do?} ({in case of} 20. Be5 Bxe5 21. dxe5 O-O 22. Nf4 {the
white rook is on b1 and not on d1 as in the comments to the Black`s 17th move,
and here Black can play} f5 {with a good position due to the white queenside
weaknesses.}) 20... Bc6 $6 {this allows White to retake the initiative as
Black is still unable to solve its kingside problems.} ({correct was} 20... Kf8
$1 {and the white bishop has nothing to do on b5. It`s rather Black who has
the advantage here, for example} 21. Be5 Nc4) 21. a4 {White`s next moves are
clear: Bf4-e5, Ne2-f4. As for Black, it`s extremely difficult to point out how
it shall continue.} h5 $6 {doesn`t solve the problems as the appearance of the
white knight on f4 will become very unpleasant.} ({now after} 21... a6 22.
Bxc6+ Rxc6 23. Be5 {the knight stuck on a5 because of the weakness on b7 and
White easily develops a strong initiative:} O-O 24. Nf4 {etc.}) ({I would
prefer} 21... b6 {however after} 22. Be5 O-O 23. Nf4 Bxe5 24. dxe5 Kh8 25. Nh5
Rg8 26. Rfd1 Qc7 27. Rd4 {White would have an unpleasant pressure on the
kingside.}) 22. Be5 a6 23. Bxc6+ Rxc6 24. Rfd1 {before putting the knight on
f4, White makes sure Black cannot take on e5 (as after 25.de the pawn g7 falls)
and is putting a break d4-d5 on the agenda.} ({if} 24. Nf4 {then I wasn`t sure
about} Bxe5 25. dxe5 g6 26. Rfd1 Qc7 27. Qg5 Qe7 {and it seems that Black
holds.}) 24... Rc4 {aimed against 25.d5. Now, however, the rook on c4 is not
in control of the 6th rank anymore and the black king starts feeling even more
vulnerable.} 25. Nf4 (25. d5 Rg4 ({the variation} 25... exd5 26. Bxf6 Qxf6 27.
Qb8+ Qd8 28. Qxd8+ Kxd8 29. Rxd5+ {doesn`t require any comments}) 26. Bxf6 gxf6
({or} 26... Qxf6 27. Qb8+ Qd8 28. Qxd8+ Kxd8 29. dxe6+ Ke7) 27. dxe6 Rxg3 28.
Rxd8+ Kxd8 29. e7+ Kxe7 30. Nxg3 Rc8 {would lead to an unclear endgame where
Black finally can make use of the white queenside weaknesses.}) 25... Kf8 ({or
} 25... Rxa4 26. Re1 {with the idea 27.d5 or 27.Bf6 Qf6 28.Nd5} (26. Bxf6 Qxf6
27. Nd5 $2 exd5 28. Qb8+ Qd8 29. Re1+ Kd7 30. Rxb7+ Nxb7 31. Qxb7+ Kd6 $19))
26. Re1 {Increasing the pressure. The rook is now more useful on the "e" file.}
Qc8 {allows a nice combination but Black here is probably helpless anyway.} (
26... Rh6 27. Bxf6 {followed by 28.Re5, and Black cannot defend its numerous
weaknesses.}) 27. Bxf6 {It`s not the only solution.} (27. d5 $5 {was also
possible:} Bxe5 28. Rxe5 Rxc3 29. Qg5 ({or} 29. Nxe6+ fxe6 30. Qf4+ Kg8 31.
dxe6 {winning}) 29... f6 30. Nxe6+ Qxe6 31. dxe6 fxg5 32. Rxa5 $18) 27... gxf6
28. Nxe6+ $1 ({I rejected} 28. Qf3 {because of} f5 {and Black holds, for
example} 29. d5 Qc7) 28... fxe6 29. Qg6 {Black pieces are too far away and
aren`t able to protect its kingside pawns.} Ke7 {the king has to run towards
the queenside.} (29... Qd8 30. Rxe6 Rc6 31. Rbe1 Rxe6 32. Rxe6 $18) 30. Qg7+
Kd6 31. Qxf6 {this is the position I was aiming to when making my 27th move.
The rook on c4 and the knight on a5 (White is threatening 32.Qe5+) are very
unfortunately placed and that makes the white attack unstopable.} (31. d5 $5 {
was also possible but I wanted to keep it simple.}) 31... Qd8 ({on} 31... Nc6 {
I prepared the following line:} 32. d5 Kxd5 33. Red1+ Kc5 34. Qg5+ e5 35. Qe3+)
({a desperate} 31... Rxa4 {(protecting the knight) would be met by} 32. d5 Re8
33. Qe5+ Kd7 34. dxe6+ Kc6 35. Rb4 $1 Ra2 36. c4 $1 Qd8 37. Reb1 $18 {
threatening 38.Rb6 Qb6 39.Qd5 Kc7 40.Qd7}) 32. Rxe6+ Kc7 33. Qe5+ Kc8 34. Rxa6
(34. Rd6 $5 Qf8 35. Qe6+ Kc7 (35... Kb8 36. Rxa6) 36. Rd7+ Kb8 37. Qe5+ Kc8 38.
Qxa5 Kxd7 39. Rxb7+ Kc8 40. Qxa6 {was winning as well}) 34... bxa6 35. Rb8+ Kd7
36. Rxd8+ Rxd8 37. Qxa5 {finally taking that knight! Black resigned.} 1-0

[Event "Mar del Plata Clarin Masters"]
[Site "Mar del Plata"]
[Date "1982.02.??"]
[Round "?"]
[White "Portisch, Lajos"]
[Black "Timman, Jan H"]
[Result "0-1"]
[WhiteElo "2630"]
[BlackElo "2655"]
[Annotator "Notkin,M"]
[PlyCount "70"]
[EventDate "1982.02.??"]
[EventType "tourn"]
[EventRounds "13"]
[EventCountry "ARG"]
[EventCategory "13"]
[SourceTitle "MCL"]
[Source "ChessBase"]
[SourceDate "1999.07.01"]
[SourceVersion "1"]
[SourceVersionDate "1999.07.01"]
[SourceQuality "1"]

1. d4 Nf6 2. c4 e6 3. Nc3 Bb4 4. e3 c5 5. Bd3 Nc6 6. Nf3 Bxc3+ 7. bxc3 d6 8. e4
e5 9. h3 h6 10. Be3 b6 11. O-O (11. d5 Ne7 12. Nd2 g5 (12... Nh7 13. h4 Nf6 14.
Nf1 Bd7 15. Bd2 Qc8 16. Ne3 Kd8 $13 {Yusupov,A-Timman,J/Madrid/1995/0,5/23/})
13. h4 gxh4 14. Rxh4 Ng6 15. Rh1 Ng4 16. Nf1 Nf4 $13 {Yusupov,A-Karpov,A/
Dortmund/1994/0,5/45/}) 11... Qc7 (11... O-O 12. d5 Ne7 13. Kh2 Nh7 14. Qc2 f5
15. exf5 Bxf5 16. Nd2 $16 {Ibragimov,I-Cebalo,M/Dakovo/1994/0,5/57/}) 12. d5
Ne7 13. Nh4 g5 14. Qf3 Nfg8 15. Nf5 Nxf5 16. exf5 Nf6 17. g4 Ba6 (17... Bb7 $5)
18. Qd1 e4 19. Qa4+ (19. Be2 Nd7 (19... O-O-O 20. a4 $14) 20. Qc2 Ne5 21. Qxe4
O-O-O 22. f4 gxf4 23. Bxf4 Rde8 $44) 19... Kf8 20. Qxa6 $2 (20. Be2 $5) 20...
exd3 21. Qa4 Re8 22. Rae1 (22. Qd1 Qe7 23. Qxd3 Qe4 24. Qe2 Nd7 $17) 22... Qb7
$1 23. Qd1 b5 24. Qb1 (24. Qxd3 $32) 24... Re4 $1 25. Qxd3 Rxc4 26. Rd1 Kg7 $2
(26... Qe7 $17) 27. f3 $2 (27. f4 $1 $13) 27... Qe7 28. f4 Re8 $19 29. Bc1 Qe2
30. fxg5 hxg5 31. Qg3 (31. Bxg5 Nxg4 $1 $19) 31... Ne4 32. f6+ Kg6 33. Qg2 Nxc3
34. Rd2 Qxg2+ 35. Kxg2 Ne2 0-1

[Event "Lienz op 20th"]
[Site "Lienz"]
[Date "2019.02.16"]
[Round "9"]
[White "Mesaros, Florian"]
[Black "Prusikin, Michael"]
[Result "0-1"]
[WhiteElo "2449"]
[BlackElo "2517"]
[Annotator "Prusikin,M"]
[PlyCount "90"]
[EventDate "2019.02.09"]
[EventType "swiss"]
[EventRounds "9"]
[EventCountry "AUT"]
[SourceTitle "EXT 2020"]
[Source "ChessBase"]
[SourceDate "2019.10.17"]
[SourceVersion "1"]
[SourceVersionDate "2019.10.17"]
[SourceQuality "1"]

{[%evp 0,90,16,25,25,-11,5,4,6,6,15,32,71,54,51,44,39,37,48,57,48,41,35,31,34,
27,15,38,68,56,68,53,84,48,36,35,36,5,60,68,47,-14,29,-7,37,-5,3,-6,18,-17,-11,
-35,7,-50,-16,-22,-19,-31,-66,-76,-98,-79,-79,-161,-84,-137,-137,-384,-464,
-483,-297,-297,-284,-297,-324,-324,-324,-321,-322,-294,-288,-284,-286,-908,
-969,-474,-1030,-1285,-1298,-1449,-1271,-1726,-1726]} 1. d4 Nf6 2. c4 e6 3. Nc3
Bb4 4. e3 c5 5. Nf3 Bxc3+ 6. bxc3 d6 7. Bd3 Nc6 8. O-O e5 9. d5 Ne7 10. Nd2 O-O
11. Qc2 g6 12. f4 exf4 13. Rxf4 Ng4 14. Nf3 f6 $1 (14... h6 $5 15. h3 Ne5 16.
Nxe5 dxe5 17. Rf3 f5 $15 {0-1 (41) Massimini Gerbino,M (2382)-Pappier,C (2392)
IECG email 2003}) 15. h3 Ne5 16. Nxe5 dxe5 17. Rf1 f5 $1 18. a4 a5 19. Bd2 Qd6
20. Rf2 (20. Rab1 b6 21. Be1 g5 22. Bg3 Bd7 $15) 20... Bd7 21. Rb1 b6 22. Be2
Rf6 23. Be1 Raf8 24. Rf3 (24. e4 f4 $17) 24... g5 25. Bg3 Ng6 26. Rbf1 Qe7 (
26... f4 27. Be1 e4 $1 28. Qxe4 Bf5 $19) 27. e4 f4 28. Be1 h5 29. Rd3 g4 30.
Qd1 {[#]} f3 $1 31. gxf3 Nf4 $1 32. Bh4 {[#]} g3 $1 33. Bxg3 Rg6 34. Kh2 Qg5 (
34... Rxg3 35. Kxg3 Bxa4 $3 36. Qxa4 (36. Qd2 Qg5+ 37. Kf2 Nxh3+ 38. Ke1 Qg3+
39. Rf2 Qxf2#) (36. Qe1 Qg5+ 37. Kf2 Nxh3#) 36... Qg5+ 37. Kf2 Qg2+ $19) 35.
Rg1 Nxh3 36. f4 exf4 37. Bf2 Nxg1 38. Qxg1 Qf6 39. Qe1 Qe5 40. Bf3 Bg4 41. Bh1
f3+ 42. Bg3 {[#]} f2 $1 43. Qf1 Qg5 44. Bg2 h4 45. Bxf2 Be2 0-1

[Event "CZE-ch"]
[Site "Zlin"]
[Date "1997.??.??"]
[Round "10"]
[White "Babula, Vlastimil"]
[Black "Haba, Petr"]
[Result "0-1"]
[WhiteElo "2535"]
[BlackElo "2520"]
[Annotator "Psakhis,L"]
[PlyCount "44"]
[EventDate "1997.06.12"]
[EventType "tourn"]
[EventRounds "11"]
[EventCountry "CZE"]
[EventCategory "10"]
[SourceTitle "CBM 061"]
[Source "ChessBase"]
[SourceDate "1997.11.23"]
[SourceVersion "1"]
[SourceVersionDate "1997.11.23"]
[SourceQuality "1"]

1. d4 Nf6 2. c4 e6 3. Nc3 Bb4 4. e3 c5 5. Bd3 Nc6 6. Nf3 Bxc3+ 7. bxc3 d6 8.
O-O e5 9. Ng5 O-O 10. f4 exd4 11. cxd4 h6 12. Nf3 Re8 $1 {Also possible} (12...
cxd4 13. exd4 Bg4 14. d5 Nd4 15. Bb2 Nxf3+ 16. gxf3 Bh3 17. Rf2 Nh5 18. Qd2 Qh4
19. Kh1 Qxf4 (19... Nxf4 20. Rg1 f6 21. Bb1 Rf7 22. Bd4 g5 23. Be3 Kh8 24. Qc2
Rg8 25. Qe4 Ng6 26. f4 Re7 27. Qd4 gxf4 28. Bxg6 Rxe3 29. Qxf4 Bg2+ 30. Rgxg2
Qxf4 31. Rxf4 Re1+ 32. Rg1 Rxg1+ 33. Kxg1 Rxg6+ {1/2-1/2 Benjamin,J-Browne,W/
USA (ch) 1983 (41)}) 20. Qc3 Rfe8 21. Rg1 Re5 22. Bc1 Qh4 {Zoebisch,H-Titz,H/
AUT-chT96/97 1996/EXP 57/1/2-1/2 (39) with complicated game, but I think move
in text clearly stronger.}) 13. d5 Nb4 14. Bb1 Ne4 {[%csl Ye3,Ge4]} (14... b5
$5 15. a3 Na6 16. cxb5 Nc7 17. a4 Ncxd5 18. Ra3 Bb7 19. Re1 Nb4 $15 {0-1
Villeneuve,A-Boudre,J/Val Maubuee 1988/EXT 88 (31)}) 15. Bb2 Bf5 16. a3 Na6 17.
Nd2 Nxd2 18. Bxf5 $2 {Strarnge move, but and after best} (18. Qxd2 Bxb1 19. Qc3
f6 20. Raxb1 Re4 21. Rf3 Qd7 22. Rg3 Rf8 $15 {Black chances are better.}) 18...
Nxc4 (18... Nxf1 $2 19. Qg4 f6 20. Qg6 $40) 19. Rf2 Nxb2 (19... Nxe3 $5 20. Qd3
Nxf5 21. Qxf5 Nc7 22. Qg4 f6 $19) 20. Rxb2 Qf6 21. Qb1 Rab8 $19 22. Re2 Nc7 0-1

[Event "Rohde op 09th"]
[Site "Sautron"]
[Date "2009.10.27"]
[Round "5"]
[White "Van Dongen, Patrick"]
[Black "Lalic, Bogdan"]
[Result "1/2-1/2"]
[WhiteElo "2349"]
[BlackElo "2495"]
[Annotator "RR"]
[PlyCount "56"]
[EventDate "2009.10.24"]
[EventType "swiss"]
[EventRounds "9"]
[EventCountry "FRA"]
[SourceTitle "EXT 2010"]
[Source "ChessBase"]
[SourceDate "2010.11.25"]
[SourceVersion "1"]
[SourceVersionDate "2010.11.25"]
[SourceQuality "1"]
[TimeControl "6000"]
[WhiteClock "0:00:01"]
[BlackClock "0:00:19"]

1. d4 Nf6 2. c4 e6 3. Nc3 Bb4 4. e3 c5 5. Nf3 Nc6 6. Bd3 {01h36} Bxc3+ 7. bxc3
d6 8. e4 e5 {le système HUEBNER} 9. d5 Ne7 10. Nh4 {01h24} h6 11. f3 ({RR} 11.
f4 Ng6 12. Nxg6 fxg6) 11... Nh7 $5 $146 {[%cal Gd8h4,Ge7d5]} ({RR} 11... Ng6
12. Nf5 Nf4 13. Nxg7+ Kf8 14. Bxf4 exf4 15. Nf5 Bxf5 16. exf5 Nd7 17. O-O Ne5
18. Rf2 Rg8 19. a4 Qg5 20. Bf1 Qxf5 21. Qb1 Qxb1 22. Rxb1 b6 23. Rb5 Ke7 24.
Re2 Kf6 25. Kf2 Rge8 26. Ra2 {Van Scheltinga,T-Donner,J/Beverwijk 1960/MCL/1/
2-1/2 (54)}) ({RR} 11... Qa5 12. Qc2 g5 13. Nf5 Nxf5 14. exf5 Bd7 15. h4 g4 16.
fxg4 ({RR} 16. f4) 16... Nxg4 17. Be2 Rg8 18. Bxg4 Rxg4 19. Bxh6 Bxf5 20. Qxf5
Qxc3+ 21. Kf2 Qb2+ 22. Ke3 Rxg2 {0-1 Donner,J (2470)-Portisch,L (2640)/Skopje
1972/EXT 2000}) ({RR} 11... g5 12. Nf5 Nxf5 13. exf5 Nh5 ({RR} 13... Qa5) 14.
g3 Ng7 15. Qc2 Bd7 16. Kf2 Qf6 17. g4 O-O-O 18. Be3 Qe7 ({RR} 18... h5 19. Qd2)
19. h4 f6 20. Rh3 Rdf8 21. Rah1 Rhg8 ({RR} 21... Qd8) 22. hxg5 hxg5 23. Rh7 Qd8
24. Kg2 ({RR} 24. Qd1) 24... Kb8 25. Qb2 Be8 26. Bc2 {Donner,J (2500)-Langeweg,
K (2400)/Wijk aan Zee 1971/MCL/[Kharitonov]/0-1 (44)}) (11... Nh5) 12. O-O Nxd5
$1 13. cxd5 Qxh4 14. Bb5+ Kf8 15. f4 $14 {01h14} Nf6 16. fxe5 $6 dxe5 17. Ba3
Kg8 (17... b6 $2 18. Bc6 Rb8 19. Qa4 $16 {[%csl Ra7]}) 18. Bxc5 Nxe4 $11 19.
Qa4 {44} Qg4 (19... Bh3 $1 20. gxh3 Qg5+ 21. Kh1 Nxc5) 20. Bb4 {24} Bf5 21.
Rae1 {8} h5 22. Be8 {3} Ng5 23. Be7 Nh3+ 24. Kh1 Nf4 25. g3 Nxd5 26. Bxf7+ Kxf7
27. Qxg4 hxg4 28. Rxf5+ Nf6 1/2-1/2